000 00675nam a2200193 i 4500
001 41899
003 ES-MaACL
005 20231229063010.0
007 t|
008 030312q1956 sp ||||1| spa d
100 1 _aCastán Tobeñas, José,
_d1889-1969
_936392
245 1 0 _aEvolución jurídica y progreso jurídico /
_cconferencia pronunciada por José Castán Tobeñas.
260 _aBilbao :
_b[s.n.,
_c1956?] (
_fTalls. Arte)
300 _a43 p. ;
_c24 cm.
500 _aPrecede al tít.: Patronato de la Universidad de Deusto.
710 2 _aUniversidad de Deusto.
_bPatronato.
_97174
852 _aES-MaACL
_j1966-F-23
_z.- Ded. ms. del autor
999 _c41899
_d41899